ADAMS'S OUTLINE OF ORTHOPAEDICS (Record no. 8365)

MARC details
000 -LEADER
fixed length control field 00483nam a22001817a 4500
005 - DATE AND TIME OF LATEST TRANSACTION
control field 20230819155802.0
008 - FIXED-LENGTH DATA ELEMENTS--GENERAL INFORMATION
fixed length control field 230817b |||||||| |||| 00| 0 eng d
020 ## - INTERNATIONAL STANDARD BOOK NUMBER
ISBN 978-0-7020-3061-1
041 ## - LANGUAGE CODE
Language code of text/sound track or separate title eng
082 ## - DEWEY DECIMAL CLASSIFICATION NUMBER
Classification number 616.7 HAM-A
100 ## - MAIN ENTRY--AUTHOR NAME
Personal name HAMBLIN, DAVID L. AND SIMPSON, A HAMISH R W.
245 ## - TITLE STATEMENT
Title ADAMS'S OUTLINE OF ORTHOPAEDICS
250 ## - EDITION STATEMENT
Edition statement 14TH, ED,.2010
260 ## - PUBLICATION, DISTRIBUTION, ETC. (IMPRINT)
Place of publication LONDON
Name of publisher CHURCHILL LIVING STONE
Year of publication 2010
300 ## - PHYSICAL DESCRIPTION
Number of Pages 485;p
650 ## - SUBJECT ADDED ENTRY--TOPICAL TERM
Topical Term BPT
942 ## - ADDED ENTRY ELEMENTS (KOHA)
Koha item type Books
Holdings
Lost status Damaged status Collection code Home library Current library Shelving location Date acquired Source of acquisition Cost, normal purchase price Full call number Accession Number Koha item type
    Reference JRU Library JRU Library SHELF-20-B 05/08/2023 PURCHASE 1495.00 616.7 27827 Books
    PHYSIOTHERAPY JRU Library JRU Library SHELF-20-B 05/08/2023 PURCHASE 1495.00 616.7 27828 Books
    PHYSIOTHERAPY JRU Library JRU Library SHELF-20-B 05/08/2023 PURCHASE 1495.00 616.7 27829 Books